Supporting Entrepreneurship and Innovation in Higher Education in Ireland

Na minha lista:
Detalhes bibliográficos
Formato: Livro
Idioma:inglês
Publicado em: Paris OECD/EU 2017
Colecção:OECD Skills Studies
Assuntos:
Tags: Adicionar Tag
Sem tags, seja o primeiro a adicionar uma tag!

MARC

LEADER 00000nam a2200000 4500
001 0242489
005 20240314123526.7
020 |a 978-92-64-27088-6 
041 0 |a eng 
044 |a FR 
245 1 0 |a Supporting Entrepreneurship and Innovation in Higher Education in Ireland 
264 1 |a Paris  |b OECD/EU  |c 2017 
300 |a 142 s. 
490 1 |a OECD Skills Studies 
830 0 |a OECD Skills Studies 
610 2 0 |a školy vysoké 
610 2 0 |a štúdium vysokoškolské 
610 2 0 |a inovácia 
610 2 0 |a podnikanie 
610 2 0 |a vyučovanie 
610 2 0 |a vedomosti 
610 2 0 |a zručnosti 
610 2 0 |a podpora podnikania 
610 2 0 |a start-up 
610 2 0 |a spolupráca medzinárodná 
610 2 0 |a analýzy 
610 2 0 |a ukazovatele 
610 2 0 |a údaje štatistické 
610 2 0 |a Írsko